000 00317 a2200145 4500
001 168044
020 _a
040 _cMagnum
100 _aMocelin, Renato
240 1 0 _aOs guerrilheiros do contestado
_lpor
245 1 0 _aOs guerrilheiros do contestado
362 0 _a1899
697 _aPARADIDATICO
942 _cBK
999 _c168044
_d168044